000 01092nam a22002537a 4500
005 20170124103221.0
010 _aA-442673
020 _c50.00
035 _aA-442673
037 _bCen Lib/Ret
040 _aDPL
_bHN
082 _a
_bइन्द्रास्व
100 _aइन्द्रा स्वप्न
_9110903
245 _aसम्राट समुद्रगुप्त /
_cइन्द्रा स्वप्न
246 _aSamrat samudra Gupta /
_bby Indra Swapan
260 _aनई दिल्ली
_bप्रज्ञा प्रकाशन मंच
_c1990
270 _aसी-54, शिवाजी पार्क
_bनई दिल्ली
_e110026
300 _a195पृ.
_c17सेमी (सजिल्द)
650 _aसाहित्य -- उपन्यास
_9110904
650 _aऐतिहासिक उपन्यास -- हिन्दी
_9309
650 _aLiterature -- fiction
_9110905
650 _aHistorical novel -- Hindi
_9101503
942 _2ddc
_cHN
_h
_mइन्द्रास्व
999 _c121874
_d121874